Иллюстрированная история СССР

Bibliographische Detailangaben
Weitere Verfasser: Пашуто В.Т, Итенберг Б.С, Тарновский К.Н, Щапов Я.Н
Sprache:Russisch
Veröffentlicht: Москва, Мысль, 1980
Ausgabe:3-е изд., доп.
Schlagworte:
Format: MixedMaterials Buch
KOHA link:https://koha.lib.tpu.ru/cgi-bin/koha/opac-detail.pl?biblionumber=117781

MARC

LEADER 00000nam0a2200000 4500
001 117781
005 20241017112439.0
035 |a (RuTPU)RU\TPU\book\127488 
035 |a RU\TPU\book\16203 
090 |a 117781 
100 |a 20070606d1980 m y0rusy50 ca 
101 0 |a rus 
102 |a RU 
105 |a a z 000zy 
200 1 |a Иллюстрированная история СССР  |f В.Т.Пашуто, Б.С.Итенберг, К.Н.Тарновский, Я.Н.Щапов 
205 |a 3-е изд., доп. 
210 |a Москва  |c Мысль  |d 1980 
215 |a 495 с. 
610 1 |a история  |a СССР  |a феодализм  |a капитализм  |a социализм 
686 |a Т3(2)0  |2 rubbk 
701 1 |a Пашуто  |b В.Т 
701 1 |a Итенберг  |b Б.С 
701 1 |a Тарновский  |b К.Н 
701 1 |a Щапов  |b Я.Н 
801 0 |a RU  |b 63413507  |c 20011209  |g PSBO 
801 2 |a RU  |b 63413507  |c 20110409  |g PSBO 
942 |c BK